[Event "TCh-FRA Top 12 2016"]
[Site "Drancy FRA"]
[Date "2016.06.07"]
[Round "11.1"]
[Board "1"]
[White "Salgado Lopez, Ivan"]
[Black "Petkov, Vladimir"]
[Result "1/2-1/2"]
[WhiteTitle "GM"]
[BlackTitle "GM"]
[WhiteElo "2618"]
[BlackElo "2493"]
[WhiteTeam "L'Echiquier Chalonnais, CHALONS-EN-CHAMPAGNE"]
[BlackTeam "Cavalier Bleu DRANCY"]
[WhiteFideId "2257327"]
[BlackFideId "2901188"]
[EventDate "2016.05.28"]

1. e4 e5 2. Nf3 Nc6 3. Bb5 a6 4. Ba4 Nf6 5. O-O Be7 6. Re1 b5 7. Bb3 d6 8. a4 b4
9. d4 Bg4 10. dxe5 Nxe5 11. Nbd2 O-O 12. h3 Nxf3+ 13. Nxf3 Be6 14. Qd3 a5 15.
Bxe6 fxe6 16. e5 dxe5 17. Qb3 Qd5 18. Rxe5 Qxb3 19. cxb3 Ra6 20. Re2 Nd5 21. Rc2
Bf6 22. Bg5 Rd8 23. Rd1 Rdd6 24. g3 Ne7 25. Rdc1 Rac6 26. Kf1 Bxb2 27. Rxc6 1/2-1/2

[Event "TCh-FRA Top 12 2016"]
[Site "Drancy FRA"]
[Date "2016.06.07"]
[Round "11.1"]
[Board "2"]
[White "Komarov, Dimitri"]
[Black "Cossin, Sebastien"]
[Result "1-0"]
[WhiteTitle "GM"]
[BlackTitle "IM"]
[WhiteElo "2506"]
[BlackElo "2514"]
[WhiteTeam "Cavalier Bleu DRANCY"]
[BlackTeam "L'Echiquier Chalonnais, CHALONS-EN-CHAMPAGNE"]
[WhiteFideId "14101270"]
[BlackFideId "618802"]
[EventDate "2016.05.28"]

1. d4 Nf6 2. Nf3 c5 3. d5 b5 4. Bg5 Qb6 5. Bxf6 Qxf6 6. c3 d6 7. Nbd2 Nd7 8. e3
Rb8 9. a4 b4 10. Bd3 h5 11. O-O h4 12. Ne4 Qh6 13. Qe2 g6 14. Ba6 Bg7 15. Bxc8
Rxc8 16. cxb4 cxb4 17. Qb5 Rb8 18. Rac1 a6 19. Qb7 Rd8 20. Rc8 h3 21. Rxd8+ Kxd8
22. Qa8+ 1-0

[Event "TCh-FRA Top 12 2016"]
[Site "Drancy FRA"]
[Date "2016.06.07"]
[Round "11.1"]
[Board "3"]
[White "Krasenkow, Michal"]
[Black "Kogan, Arthur"]
[Result "1/2-1/2"]
[WhiteTitle "GM"]
[BlackTitle "GM"]
[WhiteElo "2610"]
[BlackElo "2528"]
[WhiteTeam "L'Echiquier Chalonnais, CHALONS-EN-CHAMPAGNE"]
[BlackTeam "Cavalier Bleu DRANCY"]
[WhiteFideId "1113100"]
[BlackFideId "2800802"]
[EventDate "2016.05.28"]

1. d4 Nf6 2. c4 e6 3. Nf3 Bb4+ 4. Bd2 Bxd2+ 5. Nbxd2 d6 6. e4 e5 7. Bd3 O-O 8.
O-O Re8 9. d5 a5 10. Bc2 Na6 11. a3 Bd7 12. Re1 c6 13. Rb1 Qb6 14. b3 Qc5 15.
Qc1 cxd5 16. exd5 h6 17. Qb2 b5 18. cxb5 Bxb5 19. Ne4 Nxe4 20. Bxe4 Qb6 21. b4
axb4 22. axb4 Bd7 23. Nh4 Rab8 24. Qa3 Nxb4 25. Bf5 Bxf5 26. Nxf5 g6 27. Nxh6+
Kg7 28. Ng4 Qd4 29. Ne3 Nxd5 30. Rxb8 Rxb8 31. Qxd6 Qc3 32. Nc2 Rb2 33. Qxd5 1/2-1/2

[Event "TCh-FRA Top 12 2016"]
[Site "Drancy FRA"]
[Date "2016.06.07"]
[Round "11.1"]
[Board "4"]
[White "Chabanon, Jean-Luc"]
[Black "Velten, Paul"]
[Result "1/2-1/2"]
[WhiteTitle "GM"]
[BlackTitle "IM"]
[WhiteElo "2452"]
[BlackElo "2469"]
[WhiteTeam "Cavalier Bleu DRANCY"]
[BlackTeam "L'Echiquier Chalonnais, CHALONS-EN-CHAMPAGNE"]
[WhiteFideId "600075"]
[BlackFideId "681091"]
[EventDate "2016.05.28"]

1. d4 Nf6 2. Nf3 e6 3. c4 Bb4+ 4. Bd2 Bxd2+ 5. Qxd2 b6 6. g3 Bb7 7. Bg2 O-O 8.
Nc3 d6 9. O-O Ne4 10. Nxe4 Bxe4 11. Qe3 Bb7 12. c5 Nd7 13. cxd6 cxd6 14. Qa3 Nf6
15. Rac1 b5 16. Nd2 Bxg2 17. Kxg2 Qb6 18. Qd3 Rac8 19. Ne4 Nxe4 20. Qxe4 d5 21.
Qe3 Rc4 22. b3 Rxd4 23. Rc2 f5 24. Rfc1 f4 25. Qf3 Qd8 26. gxf4 Rdxf4 27. Qxf4
Rxf4 28. Rc8 Qxc8 29. Rxc8+ Rf8 30. Rc7 Rf7 31. Rc8+ Rf8 32. Rc7 Rf7 33. Rc8+
Rf8 34. Rc7 1/2-1/2

[Event "TCh-FRA Top 12 2016"]
[Site "Drancy FRA"]
[Date "2016.06.07"]
[Round "11.1"]
[Board "5"]
[White "Anic, Darko"]
[Black "Todorov, Todor"]
[Result "1-0"]
[WhiteTitle "GM"]
[BlackTitle "GM"]
[WhiteElo "2381"]
[BlackElo "2494"]
[WhiteTeam "L'Echiquier Chalonnais, CHALONS-EN-CHAMPAGNE"]
[BlackTeam "Cavalier Bleu DRANCY"]
[WhiteFideId "602612"]
[BlackFideId "2903237"]
[EventDate "2016.05.28"]

1. Nf3 g6 2. d4 Bg7 3. c4 d6 4. g3 e5 5. Nc3 exd4 6. Nxd4 Ne7 7. e4 Nbc6 8. Be3
O-O 9. Rc1 f5 10. Nxc6 bxc6 11. Bg2 fxe4 12. Bxe4 Bh3 13. Bxc6 Nxc6 14. Qd5+ Kh8
15. Qxc6 Qe7 16. Kd2 Rab8 17. b3 Bg4 18. f4 Bc8 19. Rhe1 Bb7 20. Qa4 Qf7 21. Rc2
Qf5 22. Qxa7 c5 23. Kc1 Qd3 24. Bd2 Qf3 25. Re7 Bf6 26. Re6 Bd4 27. Nb5 Bg7 28.
Nxd6 Bc6 29. Nf7+ Kg8 30. Ng5 Qd3 31. Rc3 Qf1+ 32. Re1 Qg2 33. Re7 Bf6 34. Rxh7
Qh1+ 35. Kb2 Bb7 36. Qb6 Bd5 37. Qxc5 Be4 38. Nxe4 Qxe4 39. Rd7 Rfd8 40. Qd5+
Qxd5 41. Rxd5 Rxd5 42. cxd5 Rd8 43. Kc2 Bxc3 44. Bxc3 Rxd5 45. a4 Kf7 46. b4 Ke6
47. g4 Rd7 48. h4 Rh7 49. Be1 Kd5 50. Kd3 Re7 51. Bd2 Rh7 52. a5 Rxh4 53. a6 Kc6
54. Be3 Kb5 55. a7 Rh8 56. Bc5 Kc6 57. Kd4 Kb7 58. Ke5 Rh4 59. g5 Ka8 60. b5 Kb7
61. b6 Ka8 62. Bd6 1-0

[Event "TCh-FRA Top 12 2016"]
[Site "Drancy FRA"]
[Date "2016.06.07"]
[Round "11.1"]
[Board "6"]
[White "Bijaoui, Manuel"]
[Black "Favarel, Antoine"]
[Result "0-1"]
[WhiteTitle "IM"]
[BlackTitle "FM"]
[WhiteElo "2406"]
[BlackElo "2348"]
[WhiteTeam "Cavalier Bleu DRANCY"]
[BlackTeam "L'Echiquier Chalonnais, CHALONS-EN-CHAMPAGNE"]
[WhiteFideId "626783"]
[BlackFideId "642371"]
[EventDate "2016.05.28"]

1. e4 c5 2. Nf3 Nc6 3. Bb5 g6 4. Bxc6 dxc6 5. d3 Bg7 6. h3 Nf6 7. Nc3 b6 8. Be3
O-O 9. Qd2 e5 10. Bh6 Qd6 11. O-O Nh5 12. Bxg7 Kxg7 13. Ne2 f6 14. Rae1 Kg8 15.
Qh6 Be6 16. Nh4 Qc7 17. g4 Nf4 18. Nxf4 exf4 19. e5 Qg7 20. Qxg7+ Kxg7 21. exf6+
Kxf6 22. Nf3 Rfe8 23. Re5 Bd5 24. Rfe1 Rxe5 25. Nxe5 Rd8 26. h4 Rd6 27. c4 Bg8
28. Kg2 Re6 29. g5+ Kf5 30. Nf3 Rxe1 31. Nxe1 Kg4 32. Nf3 Be6 33. a3 a5 34. b3
Bf5 35. a4 Be6 36. d4 cxd4 37. Nxd4 Bd7 38. Nf3 Be8 39. c5 b5 40. Nd2 bxa4 41.
bxa4 Bf7 42. Ne4 Bd5 43. f3+ Kxh4 44. Nf6 Bb3 45. Nxh7 Bxa4 46. Kf2 Bb3 47. Ke2
a4 48. Kd2 Bd5 0-1

[Event "TCh-FRA Top 12 2016"]
[Site "Drancy FRA"]
[Date "2016.06.07"]
[Round "11.1"]
[Board "7"]
[White "Letreguilly, Olivier"]
[Black "Karr, Jean-Philippe"]
[Result "0-1"]
[WhiteTitle "FM"]
[BlackTitle "IM"]
[WhiteElo "2306"]
[BlackElo "2366"]
[WhiteTeam "L'Echiquier Chalonnais, CHALONS-EN-CHAMPAGNE"]
[BlackTeam "Cavalier Bleu DRANCY"]
[WhiteFideId "600997"]
[BlackFideId "612227"]
[EventDate "2016.05.28"]

1. d4 Nf6 2. Nf3 g6 3. Bf4 Bg7 4. e3 O-O 5. Nbd2 d6 6. h3 c5 7. c3 b6 8. Be2 Bb7
9. O-O Nbd7 10. a4 a6 11. Bh2 Ra7 12. Nc4 Ne4 13. Nfd2 Qa8 14. Bf3 Nxd2 15. Bxb7
Qxb7 16. Qxd2 Qd5 17. Qe2 cxd4 18. exd4 Rc8 19. Ne3 Qe4 20. Rfe1 Nf6 21. Qd1 Qc6
22. Qb3 Rb7 23. c4 Bh6 24. Qd3 Bxe3 25. Qxe3 d5 26. b3 Rd8 27. Rec1 Ne4 28. f3
Nd6 29. c5 Nf5 30. Qd3 bxc5 31. Rxc5 Qb6 32. g4 Ng7 33. Rb1 Ne6 34. b4 Nxc5 35.
dxc5 Qc6 36. Qa3 d4 37. Rd1 f6 38. g5 Qd5 39. Kf2 fxg5 40. Rd3 Qc4 41. Qb3 Rxb4 0-1

[Event "TCh-FRA Top 12 2016"]
[Site "Drancy FRA"]
[Date "2016.06.07"]
[Round "11.1"]
[Board "8"]
[White "Roumegous, Marina"]
[Black "De Seroux, Camille"]
[Result "1-0"]
[WhiteTitle "WIM"]
[BlackTitle "WFM"]
[WhiteElo "2117"]
[BlackElo "2085"]
[WhiteTeam "Cavalier Bleu DRANCY"]
[BlackTeam "L'Echiquier Chalonnais, CHALONS-EN-CHAMPAGNE"]
[WhiteFideId "620416"]
[BlackFideId "1305620"]
[EventDate "2016.05.28"]

1. d4 Nf6 2. Nf3 g6 3. c4 Bg7 4. Nc3 d6 5. e4 O-O 6. Be2 e5 7. O-O Nc6 8. d5 Ne7
9. Ne1 Nd7 10. Kh1 f5 11. exf5 Nxf5 12. Ne4 Nf6 13. Bg5 h6 14. Bxf6 Bxf6 15.
Nxf6+ Qxf6 16. Nc2 Bd7 17. Qd2 Kg7 18. Rac1 h5 19. b3 b6 20. a3 Rf7 21. b4 Ba4
22. Ne3 Nd4 23. Bd1 Bd7 24. Rc3 Qf4 25. Qe1 Raf8 26. Nc2 h4 27. h3 Nf5 28. Bf3
g5 29. Kg1 e4 30. Bh5 Rf6 31. Bg4 Ba4 32. Bxf5 Bxc2 33. Rxc2 Rxf5 34. Qc3+ Kg8
35. Re2 Re5 36. Re3 Rf7 37. Qc2 g4 38. hxg4 Qxg4 39. Qe2 Qf5 40. Rh3 Rh7 41. Re1
Qf4 42. Qe3 Qg4 43. Qe2 Qg6 44. Kh2 Rg7 45. Rg1 Rg5 46. g3 Rg4 47. Qe3 Qf6 48.
Rg2 Qe5 49. Kh1 Qa1+ 50. Kh2 Qf1 51. Qd4 Qd3 52. Qf6 Rf7 53. Qe6 Qf3 54. Rxh4
Rg7 55. Qe8+ Rf8 56. Qxe4 Qxa3 57. Qe6+ Rff7 58. Qh6 Rh7 59. Qg5+ Rhg7 60. Qd8+
Rf8 61. Rh8+ Kxh8 62. Qxf8+ Kh7 63. g4 Qxb4 64. Rg3 Qb1 65. Rh3+ Kg6 66. Qe8+
Rf7 67. Qe6+ Kg5 68. Qxf7 Qc2 69. Rf3 Kxg4 70. Rg3+ Kh4 71. Qf4+ 1-0

[Event "TCh-FRA Top 12 2016"]
[Site "Drancy FRA"]
[Date "2016.06.07"]
[Round "11.2"]
[Board "1"]
[White "Naiditsch, Arkadij"]
[Black "Fedorchuk, Sergey A."]
[Result "0-1"]
[WhiteTitle "GM"]
[BlackTitle "GM"]
[WhiteElo "2663"]
[BlackElo "2626"]
[WhiteTeam "BISCHWILLER"]
[BlackTeam "EVRY Grand Roque"]
[WhiteFideId "4650891"]
[BlackFideId "14102536"]
[EventDate "2016.05.28"]

1. e4 c5 2. Nf3 e6 3. d4 cxd4 4. Nxd4 a6 5. c4 b6 6. Nc3 Bb7 7. Be2 d6 8. f4 Nf6
9. Bf3 Nbd7 10. O-O Rc8 11. Qe2 Qc7 12. b3 b5 13. Nd5 exd5 14. exd5+ Kd8 15.
Nc6+ Bxc6 16. dxc6 Nb8 17. Be3 Nxc6 18. cxb5 axb5 19. Qxb5 Qd7 20. Rac1 d5 21.
Rfe1 Be7 22. Rc2 Na7 23. Qb6+ Ke8 24. Rce2 Nc6 25. Bc5 Ng8 26. b4 Kf8 27. a4
Bxc5+ 28. Qxc5+ Nce7 29. Rxe7 Nxe7 30. Rxe7 Qxe7 31. Qxc8+ Qe8 32. Qc5+ Qe7 33.
Qc8+ Qe8 34. Qc3 d4 35. Qc5+ Kg8 36. Qe5 Qd8 37. a5 d3 38. Qd5 Qxd5 39. Bxd5 d2
40. Bf3 Kf8 41. Kf2 Ke7 42. a6 Rd8 43. b5 Kd6 44. Ke2 Kc5 45. Kd1 Kb6 46. Bc6 h5
47. f5 h4 48. h3 f6 49. Bf3 Rd4 50. Bc6 Rd3 51. Bb7 Ra3 52. Kxd2 Kxb5 53. Ke2
Kc5 54. Kd2 Kd4 55. Ke2 Ke5 56. Bc8 Kf4 57. Kd1 Ra5 58. Kd2 Ke4 59. Bb7+ Kd4 60.
Kc2 Kc4 61. Kd2 Ra3 62. Kc2 Ra2+ 63. Kb1 Ra5 64. Kc2 Kd4 65. Kd2 Ra2+ 66. Ke1
Kd3 67. Kf1 Ke3 68. Kg1 Kf4 69. Bc8 Kg3 70. Kf1 Ra1+ 0-1

[Event "TCh-FRA Top 12 2016"]
[Site "Drancy FRA"]
[Date "2016.06.07"]
[Round "11.2"]
[Board "2"]
[White "Relange, Eloi"]
[Black "Rodshtein, Maxim"]
[Result "0-1"]
[WhiteTitle "GM"]
[BlackTitle "GM"]
[WhiteElo "2464"]
[BlackElo "2689"]
[WhiteTeam "EVRY Grand Roque"]
[BlackTeam "BISCHWILLER"]
[WhiteFideId "600822"]
[BlackFideId "2806851"]
[EventDate "2016.05.28"]

1. d4 Nf6 2. Nf3 e6 3. c4 d5 4. Nc3 c6 5. g3 Nbd7 6. Bg2 dxc4 7. O-O Be7 8. e4
O-O 9. Bf4 Re8 10. a4 a5 11. Qc2 b6 12. Rfd1 Bf8 13. Nb1 Ba6 14. Nbd2 b5 15. b3
cxb3 16. Qxc6 b2 17. Rab1 Qb6 18. Qc2 bxa4 19. Rxb2 Bb4 20. Qxa4 Bb5 21. Qa2
Rac8 22. h3 h6 23. g4 Rc3 24. Rb3 Rec8 25. d5 exd5 26. Rxc3 Rxc3 27. exd5 Qc5
28. d6 Bc6 29. g5 Bxf3 30. Bxf3 hxg5 31. Bg3 Rc2 0-1

[Event "TCh-FRA Top 12 2016"]
[Site "Drancy FRA"]
[Date "2016.06.07"]
[Round "11.2"]
[Board "3"]
[White "Edouard, Romain"]
[Black "Moussard, Jules"]
[Result "1/2-1/2"]
[WhiteTitle "GM"]
[BlackTitle "IM"]
[WhiteElo "2641"]
[BlackElo "2506"]
[WhiteTeam "BISCHWILLER"]
[BlackTeam "EVRY Grand Roque"]
[WhiteFideId "633429"]
[BlackFideId "642908"]
[EventDate "2016.05.28"]

1. d4 d6 2. e4 g6 3. c4 Bg7 4. Nc3 e5 5. Nge2 Nc6 6. Be3 exd4 7. Nxd4 Nf6 8. Be2
O-O 9. O-O Re8 10. f3 Bd7 11. Qd2 a6 12. Rfd1 Rb8 13. Rac1 Nxd4 14. Bxd4 c5 15.
Bf2 Bf8 16. a3 b5 17. cxb5 axb5 18. b4 c4 19. Bd4 Bc6 20. Rb1 d5 21. e5 Nd7 22.
f4 f6 23. exf6 Nxf6 24. Bf3 Ne4 25. Bxe4 dxe4 26. Qe3 Qc7 27. a4 bxa4 28. b5 Ba8
29. Nxa4 Qa5 30. Nc3 Qc7 31. Kh1 Rbd8 32. b6 Qf7 33. Nb5 Re7 34. Rf1 Red7 35. f5
gxf5 36. Qg3+ Bg7 37. Be3 Rd3 38. Qf4 Qg6 39. Qc7 Re8 40. Bf4 Bd5 41. b7 e3 42.
Bg3 Rd2 43. b8=Q Rxb8 44. Qxb8+ Bf8 45. Rfd1 Bxg2+ 46. Kg1 Bf3 47. Rxd2 exd2 48.
Nc3 f4 49. Rf1 Qd3 50. Qe5 Qe3+ 51. Qxe3 fxe3 52. Rxf3 e2 53. Rf1 exf1=Q+ 54.
Kxf1 Bb4 1/2-1/2

[Event "TCh-FRA Top 12 2016"]
[Site "Drancy FRA"]
[Date "2016.06.07"]
[Round "11.2"]
[Board "4"]
[White "Milliet, Sophie"]
[Black "Schlosser, Philipp"]
[Result "1/2-1/2"]
[WhiteTitle "IM"]
[BlackTitle "GM"]
[WhiteElo "2346"]
[BlackElo "2539"]
[WhiteTeam "EVRY Grand Roque"]
[BlackTeam "BISCHWILLER"]
[WhiteFideId "623725"]
[BlackFideId "4600169"]
[EventDate "2016.05.28"]

1. e4 c5 2. Nf3 e6 3. d4 cxd4 4. Nxd4 a6 5. c4 Nf6 6. Nc3 Qc7 7. a3 Nxe4 8. Nxe4
Qe5 9. Qc2 Qxd4 10. Bd2 f5 11. Ng3 Nc6 12. Bc3 Qf4 13. Be2 Nd4 14. Bh5+ g6 15.
Qd3 e5 16. O-O d6 17. Rae1 Be7 18. Bxd4 Qxd4 19. Qxd4 exd4 20. Bf3 Kd8 21. Rd1
Bf6 22. b3 Kc7 1/2-1/2

[Event "TCh-FRA Top 12 2016"]
[Site "Drancy FRA"]
[Date "2016.06.07"]
[Round "11.2"]
[Board "5"]
[White "Pelletier, Yannick"]
[Black "Leroy, Didier"]
[Result "1-0"]
[WhiteTitle "GM"]
[BlackTitle "IM"]
[WhiteElo "2558"]
[BlackElo "2289"]
[WhiteTeam "BISCHWILLER"]
[BlackTeam "EVRY Grand Roque"]
[WhiteFideId "1301837"]
[BlackFideId "610950"]
[EventDate "2016.05.28"]

1. Nf3 d5 2. d4 Bf5 3. c4 e6 4. Nc3 c6 5. g3 Nf6 6. Bg2 Be7 7. O-O O-O 8. Nh4
Bg4 9. h3 Bh5 10. g4 Nfd7 11. Nf5 exf5 12. gxh5 dxc4 13. Qc2 Nb6 14. Rd1 Qc8 15.
d5 Bf6 16. Bf4 h6 17. Rd2 Na6 18. Bd6 Rd8 19. dxc6 bxc6 20. Rad1 Qe6 21. Bxc6 f4
22. Bxa8 Rxa8 23. Kg2 Rc8 24. Qe4 Bxc3 25. Qxe6 fxe6 26. bxc3 Nd5 27. Rxd5 exd5
28. Rxd5 Rd8 29. Rd4 1-0

[Event "TCh-FRA Top 12 2016"]
[Site "Drancy FRA"]
[Date "2016.06.07"]
[Round "11.2"]
[Board "6"]
[White "Justo, Damian"]
[Black "Le Roux, Jean-Pierre"]
[Result "0-1"]
[WhiteTitle "FM"]
[BlackTitle "GM"]
[WhiteElo "2325"]
[BlackElo "2549"]
[WhiteTeam "EVRY Grand Roque"]
[BlackTeam "BISCHWILLER"]
[WhiteFideId "101168"]
[BlackFideId "609404"]
[EventDate "2016.05.28"]

1. d4 Nf6 2. c4 c5 3. d5 b5 4. cxb5 a6 5. bxa6 g6 6. Nc3 Bg7 7. g3 O-O 8. Bg2 d6
9. Nf3 Nbd7 10. Rb1 Nb6 11. Nh4 Nfd7 12. Qc2 Bxa6 13. b3 Bb7 14. Bb2 c4 15. b4
Bxc3+ 16. Bxc3 Nxd5 17. Bxd5 Bxd5 18. e4 Bb7 19. O-O Ra3 20. f3 Qb6+ 21. Kh1
Rfa8 22. Qd2 Rxa2 23. Qg5 Rc2 24. Qxe7 Raa2 25. Rb2 Raxb2 26. Bxb2 Rxb2 27. Qxd7
c3 28. Rc1 Qe3 29. Rf1 Qd2 30. Rf2 Qe1+ 31. Kg2 Qxf2+ 32. Kh3 Qxh2+ 33. Kg4 h5+ 0-1

[Event "TCh-FRA Top 12 2016"]
[Site "Drancy FRA"]
[Date "2016.06.07"]
[Round "11.2"]
[Board "7"]
[White "Wagner, Claude"]
[Black "Bergez, Luc"]
[Result "0-1"]
[WhiteTitle "IM"]
[BlackTitle "IM"]
[WhiteElo "2340"]
[BlackElo "2342"]
[WhiteTeam "BISCHWILLER"]
[BlackTeam "EVRY Grand Roque"]
[WhiteFideId "600830"]
[BlackFideId "606600"]
[EventDate "2016.05.28"]

1. Nf3 Nf6 2. c4 g6 3. b4 Bg7 4. Bb2 O-O 5. g3 c6 6. Bg2 d5 7. cxd5 cxd5 8. O-O
Qb6 9. a4 Qxb4 10. Ba3 Qe4 11. Nc3 Qe6 12. Nb5 Ne8 13. Rc1 Nc6 14. d3 Qd7 15.
Qb3 Qd8 16. Rc5 a6 17. Rxd5 Bd7 18. Bh3 Nf6 19. Bxd7 Nxd5 20. Qxd5 axb5 21. Bxc6
bxc6 22. Qxc6 bxa4 23. Rd1 Qc8 24. Qe4 Qc2 25. Rc1 Qb3 26. Qxe7 Rfe8 27. Qb4
Qxb4 28. Bxb4 a3 0-1

[Event "TCh-FRA Top 12 2016"]
[Site "Drancy FRA"]
[Date "2016.06.07"]
[Round "11.2"]
[Board "8"]
[White "Duquesne, Adrien"]
[Black "Maisuradze, Nino"]
[Result "1/2-1/2"]
[BlackTitle "WGM"]
[WhiteElo "2180"]
[BlackElo "2239"]
[WhiteTeam "EVRY Grand Roque"]
[BlackTeam "BISCHWILLER"]
[WhiteFideId "20650582"]
[BlackFideId "13601717"]
[EventDate "2016.05.28"]

1. d4 Nf6 2. c4 e6 3. Nc3 c5 4. d5 exd5 5. cxd5 d6 6. e4 g6 7. f4 Bg7 8. Bb5+
Nfd7 9. a4 O-O 10. Nf3 Na6 11. O-O Nb4 12. Re1 a6 13. Bf1 Re8 14. Bd2 Rb8 15.
Qb3 Nf6 16. h3 Qb6 17. Bc4 Nd7 18. Kh1 Qd8 19. Rad1 Nb6 20. Bf1 Bd7 21. a5 Na8
22. e5 Bf5 23. Ne4 dxe5 24. Bxb4 cxb4 25. fxe5 Bxe5 26. Qxb4 Bg7 27. Ng3 Bd7 28.
Rxe8+ Qxe8 29. Re1 Qd8 30. Ne5 b6 31. Nxd7 Qxd7 32. Re7 Qd8 33. Qf4 Qxe7 34.
Qxb8+ Qf8 35. Qb7 bxa5 36. d6 f5 37. d7 Qd8 38. Bxa6 Nb6 39. Bb5 Bxb2 40. Qc6
Kg7 41. Ne2 Be5 42. Qe6 Bf6 43. Nf4 Qc7 44. Qe3 Qd6 45. Qe6 1/2-1/2

[Event "TCh-FRA Top 12 2016"]
[Site "Drancy FRA"]
[Date "2016.06.07"]
[Round "11.3"]
[Board "1"]
[White "Stevic, Hrvoje"]
[Black "Kveinys, Aloyzas"]
[Result "1/2-1/2"]
[WhiteTitle "GM"]
[BlackTitle "GM"]
[WhiteElo "2607"]
[BlackElo "2539"]
[WhiteTeam "NICE Alekhine"]
[BlackTeam "Les Tours de Haute Picardie, SAINT QUENTIN"]
[WhiteFideId "14502569"]
[BlackFideId "12800040"]
[EventDate "2016.05.28"]

1. e4 c5 2. Nf3 e6 3. c3 Nf6 4. e5 Nd5 5. d4 cxd4 6. cxd4 d6 7. Bc4 Be7 8. O-O
O-O 9. Re1 b6 10. Bxd5 exd5 11. Nc3 Be6 12. Bf4 Nc6 13. Nb5 dxe5 14. Nxe5 Nxe5
15. Bxe5 Qd7 16. Nc7 Rac8 17. Nxe6 fxe6 18. g3 Bf6 19. b3 Qf7 20. Bxf6 Qxf6 21.
Qd2 Rc6 22. Re2 h6 23. Rae1 Qf5 24. Rc1 Rfc8 25. Rxc6 Rxc6 26. Kg2 Rc7 27. Qe1
Rc6 28. Re5 Qg6 29. Qe3 Kf7 30. Qf3+ Kg8 31. Qe3 Kf7 32. Qf3+ Kg8 33. h4 Rc2 34.
a4 Qf7 35. Qe3 a5 36. h5 Qf6 37. Rxe6 Rxf2+ 38. Qxf2 Qxe6 39. Qf3 Kh7 40. Qd3+
Kg8 41. Qf3 Kh7 42. Qd3+ Kg8 43. Qf3 1/2-1/2

[Event "TCh-FRA Top 12 2016"]
[Site "Drancy FRA"]
[Date "2016.06.07"]
[Round "11.3"]
[Board "2"]
[White "David, Alberto"]
[Black "Wagner, Dennis"]
[Result "0-1"]
[WhiteTitle "GM"]
[BlackTitle "GM"]
[WhiteElo "2571"]
[BlackElo "2571"]
[WhiteTeam "Les Tours de Haute Picardie, SAINT QUENTIN"]
[BlackTeam "NICE Alekhine"]
[WhiteFideId "4000013"]
[BlackFideId "24650684"]
[EventDate "2016.05.28"]

1. e4 e5 2. Nf3 Nc6 3. Bb5 a6 4. Ba4 Nf6 5. O-O Be7 6. Re1 b5 7. Bb3 O-O 8. d3
d6 9. c3 Na5 10. Bc2 c5 11. Nbd2 Nc6 12. Nf1 h6 13. Ne3 Re8 14. a3 Be6 15. d4
cxd4 16. cxd4 Nxd4 17. Nxd4 exd4 18. Qxd4 Rc8 19. Qd3 Nd7 20. Nd5 Ne5 21. Qd1
Bxd5 22. exd5 Bg5 23. Be3 Nc4 24. Bd4 Rxe1+ 25. Qxe1 Nxa3 26. Bf5 Nc2 27. Bxc2
Rxc2 28. Bc3 b4 29. Bd4 Rd2 30. h4 Rxd4 31. hxg5 Qxg5 32. Qe8+ Kh7 33. Qxf7 Qxd5
34. Qxd5 Rxd5 35. Rxa6 Rd1+ 36. Kh2 Kg6 37. Rb6 Rd4 38. f3 Kf6 39. Kg3 Ke6 40.
b3 Kd5 41. Rb8 g5 42. Kf2 g4 43. fxg4 Rxg4 44. Kf3 Rd4 45. Ke3 Re4+ 46. Kf3 Rd4
47. Ke3 Rh4 48. g3 Rh3 49. Kf3 Kc5 50. Rc8+ Kd4 51. Rc4+ Kd3 52. Rxb4 d5 53. Rb5
Kd4 54. Rb8 Rh1 55. b4 Rf1+ 56. Ke2 Rf6 57. Rg8 Rb6 58. Kd2 Rxb4 59. Rg4+ Kc5
60. Rg8 Rb6 61. Kc3 Re6 62. g4 Re3+ 63. Kd2 Kd4 64. Rh8 Re6 65. Rg8 Ra6 66. g5
Ra2+ 67. Ke1 Rg2 68. g6 Kd3 69. Kf1 Rg5 70. Kf2 Rg4 71. Kf3 h5 72. g7 d4 73. Kf2
h4 74. Kf3 Rg1 75. Kf2 Rg3 76. Ke1 h3 77. Rh8 Rg1+ 78. Kf2 Rxg7 0-1

[Event "TCh-FRA Top 12 2016"]
[Site "Drancy FRA"]
[Date "2016.06.07"]
[Round "11.3"]
[Board "3"]
[White "Rambaldi, Francesco"]
[Black "Neiksans, Arturs"]
[Result "1/2-1/2"]
[WhiteTitle "GM"]
[BlackTitle "GM"]
[WhiteElo "2554"]
[BlackElo "2627"]
[WhiteTeam "NICE Alekhine"]
[BlackTeam "Les Tours de Haute Picardie, SAINT QUENTIN"]
[WhiteFideId "20657307"]
[BlackFideId "11601388"]
[EventDate "2016.05.28"]

1. d4 Nf6 2. c4 e6 3. Nc3 Bb4 4. f3 O-O 5. a3 Bxc3+ 6. bxc3 c5 7. e4 Nc6 8. Bd3
Ne8 9. Ne2 b6 10. Be3 Ba6 11. O-O Nd6 12. dxc5 Nxc4 13. Bxc4 Bxc4 14. Rf2 Qe7
15. cxb6 axb6 16. Bxb6 Rxa3 17. Nd4 Ne5 18. Nc2 Rxa1 1/2-1/2

[Event "TCh-FRA Top 12 2016"]
[Site "Drancy FRA"]
[Date "2016.06.07"]
[Round "11.3"]
[Board "6"]
[White "Marcelin, Cyril"]
[Black "Sulava, Nenad"]
[Result "1/2-1/2"]
[WhiteTitle "GM"]
[BlackTitle "GM"]
[WhiteElo "2477"]
[BlackElo "2416"]
[WhiteTeam "Les Tours de Haute Picardie, SAINT QUENTIN"]
[BlackTeam "NICE Alekhine"]
[WhiteFideId "607274"]
[BlackFideId "14500205"]
[EventDate "2016.05.28"]

1. d4 e6 2. e4 c5 3. d5 exd5 4. exd5 d6 5. Nc3 Nf6 6. Bf4 Be7 7. Be2 O-O 8. Nf3
Na6 9. O-O Nc7 10. h3 b6 11. a4 Bb7 12. Bc4 a6 13. Bh2 Rb8 14. Ra3 Ba8 15. Rb3
b5 16. axb5 axb5 17. Nxb5 Nxb5 18. Rxb5 Rxb5 19. Bxb5 1/2-1/2

[Event "TCh-FRA Top 12 2016"]
[Site "Drancy FRA"]
[Date "2016.06.07"]
[Round "11.3"]
[Board "8"]
[White "Cappon, John"]
[Black "Djalal, Boris"]
[Result "1/2-1/2"]
[WhiteElo "2239"]
[BlackElo "2224"]
[WhiteTeam "Les Tours de Haute Picardie, SAINT QUENTIN"]
[BlackTeam "NICE Alekhine"]
[WhiteFideId "608459"]
[BlackFideId "623644"]
[EventDate "2016.05.28"]

1. e4 c6 2. d4 d5 3. Nd2 dxe4 4. Nxe4 Bf5 5. Ng3 Bg6 6. h4 h6 7. Nf3 Nd7 8. h5
Bh7 9. Bd3 Bxd3 10. Qxd3 e6 11. Bf4 Qa5+ 12. Bd2 Bb4 13. c3 Be7 14. c4 Qc7 15.
d5 O-O-O 16. Qe2 Ngf6 17. dxc6 Qxc6 18. O-O-O Qc7 19. Kb1 Bd6 20. Nd4 a6 21. Nb3 1/2-1/2